Kadra reprezentacji Holandii na Euro 2024 - Statystyki

Ogólne statystyki
  • Ten quiz został rozwiązany 317 razy
  • Średni wynik to 13 z 26
Statystyki odpowiedzi
Zawodnik Pozycja Klub % Poprawnych
Virgil van Dijk Obrońca Liverpool
89%
Cody Gakpo Napastnik Liverpool
82%
Nathan Aké Obrońca Manchester City
81%
Frenkie de Jong Pomocnik FC Barcelona
80%
Memphis Depay Napastnik Atlético Madryt
71%
Xavi Simons Pomocnik RB Lipsk
66%
Denzel Dumfries Obrońca Inter Mediolan
62%
Matthijs de Ligt Obrońca Bayern Monachium
61%
Stefan de Vrij Obrońca Inter Mediolan
57%
Bart Verbruggen Bramkarz Brighton
56%
Jeremie Frimpong Obrońca Bayer Leverkusen
54%
Daley Blind Obrońca Girona
53%
Micky van de Ven Obrońca Tottenham
53%
Ryan Gravenberch Pomocnik Liverpool
50%
Mark Flekken Bramkarz Brentford
46%
Tijjani Reijnders Pomocnik AC Milan
44%
Georginio Wijnaldum Pomocnik Al-Ettifaq
42%
Donyell Malen Napastnik Borussia Dortmund
34%
Teun Koopmeiners Pomocnik Atalanta
33%
Brian Brobbey Napastnik Ajax Amsterdam
32%
Steven Bergwijn Napastnik Ajax Amsterdam
27%
Jerdy Schouten Pomocnik PSV Eindhoven
25%
Joey Veerman Pomocnik PSV Eindhoven
22%
Wout Weghorst Napastnik TSG Hoffenheim
17%
Lutsharel Geertruida Obrońca Feyenoord
16%
Justin Bijow Bramkarz Feyenoord
6%
Nie znaleziono quizów pasujących do podanych kryteriów
Rozkład punktacji
Procent ludzi z każdym wynikiem
Percentyl według liczby udzielonych odpowiedzi
Twoja historia wyników
Nie rozwiązałeś tego quizu